00598nam a22001457a 4500003000400000005001700004008003500021040002500056082001600081100002000097245025000117260004200367300002100409700002200430OSt20201016134059.0201007b 1992 00| 0 eng d aDO-SdBNPbspacBNPHU axxxxbT683c1 aToribio, Daniel10aComparación título II del impuesto sobre la renta del Código Tributario y la Ley 5911 y sus reglamentos :bincluye el Código Tributario integro y la tabla de retencion anual para los asalariados. 1992.cDaniel Toribio y Juan Hernández aSanto Domingo :bAlfa y Omega,c1992. a411 p. c21 cm. 1 aHernández, Juan